The Beautyful Ones Are Not Yet Born (Record no. 4694)

MARC details
000 -LEADER
fixed length control field 00489nam a22001577a 4500
008 - FIXED-LENGTH DATA ELEMENTS--GENERAL INFORMATION
fixed length control field 260423b |||||||| |||| 00| 0 eng d
020 ## - INTERNATIONAL STANDARD BOOK NUMBER
ISBN 9780435905408
100 ## - MAIN ENTRY--AUTHOR
Author Ayi Kwei Armah
245 ## - TITLE STATEMENT
Title The Beautyful Ones Are Not Yet Born
260 ## - PUBLICATION, DISTRIBUTION, ETC. (IMPRINT)
Place of publication Harlow, England
Name of publisher Pearson Education Limited
Date of publication 1988
300 ## - COLLATION
Pagination 183p.
650 ## - TRACINGS
Main Subject English Literature
Subdivision (1st) Political corruption—Fiction
Subdivision (2nd) Social conditions—Ghana—Fiction
942 ## - ADDED ENTRY ELEMENTS (KOHA)
Item type Books
050 ## - LIBRARY OF CONGRESS CALL NUMBER
Classification number PR9387.9
Item number .A76
Holdings
Source of classification or shelving scheme Not for loan Permanent location Current location Date acquired Accession No. Full call number Barcode. Copy number Koha item type
Library of Congress Classification   Samuel Ogbemudia Main Library, University of Abuja Samuel Ogbemudia Main Library, University of Abuja 04/23/2026 2026/71836–7; 2026/72014 PR9387.9 .A76 2026-0187 3 Books